Crime and Punishment Franchise - Statistics

General Stats
  • This quiz has been taken 39 times
  • The average score is 26 of 37
Answer Stats
Type Year Name Info % Correct
Novel 1866 Crime and Punishment Fyodor Dostoevsky
100%
Film 1909 Crime and Punishment ????
100%
Film 1913 Crime and Punishment ????
100%
Film 1915 Crime and Punishment ????
100%
Film 1917 Crime and Punishment Pathé Exchange
100%
Film 1935 Crime and Punishment Columbia
100%
Film 1935 Crime and Punishment Les Grands Spectacles Cinématographiques
100%
Film 1945 Crime and Punishment Terrafilm
100%
Film 1951 Crime and Punishment Distribuidora Cinematográficos del Tepeyac
100%
Manga 1953 Crime and Punishment Osamu Tezuka
100%
Film 1956 Crime and Punishment Pathé Consortium Cinéma
100%
Film 1957 Crime and Punishment ????
100%
Film 1970 Crime and Punishment Kinostudiya imeni M. Gorkogo / Mosfilm
100%
TV Film 1971 Crime and Punishment ????
100%
TV Mini-Series 1979 Crime and Punishment BBC
100%
Film 1983 Crime and Punishment Finnkino
100%
Film 1994 Crime and Punishment ????
100%
TV Film 1998 Crime and Punishment NBC
100%
Film 2000 Crime and Punishment Bow & Axe
100%
Film 2002 Crime and Punishment MGM
100%
TV Mini-Series 2002 Crime and Punishment BBC Two
100%
TV Mini-Series 2007 Crime and Punishment Channel One Russia
100%
Play 2007 Crime and Punishment Marilyn Campbell / Curt Columbus
100%
Film 2015 Crime & Punishment Apocalypse Films / Parachute Films
100%
Film 1923 Raskolnikow Bayerische Film
100%
Film 1917 Raskolnikov Star-Film
29%
Film 2000 Crime and Punishment in Suburbia United Artists
6%
TV Film 1996 The Rockford Files: Punishment and Crime CBS
6%
Film 1959 Crime & Punishment, USA Allied Artists Pictures
3%
Film 1973 Neramu Siksha ????
3%
Film 1924 Paper Parinam Madan Theatres
3%
Film 1919 Rodion Raskolnikow ????
3%
Film 1994 Without Compassion CiBy 2000
3%
Manga 2007-2011 Crime and Punishment: A Falsified Romance Naoyuki Ochiai
0%
TV Documentary 1997 Crime & Punishment in America PBS
0%
Film 1974 Jurmm Aur Sazaa NH Studioz
0%
Film 2012 Student ????
0%
No matching quizzes found
Score Distribution
Percent of People with Each Score
Percentile by Number Answered
Your Score History
You have not taken this quiz